Największe państwa Imperium Hiszpańskiego - Statystyki

Ogólne statystyki
  • Ten quiz został rozwiązany 3 272 razy
  • Średni wynik to 11 z 14
Statystyki odpowiedzi
% km2 Państwo % Poprawnych
100 2 000 000 Meksyk
94%
50 1 400 000 Argentyna
92%
70 530 000 Chile
89%
100 1 110 000 Kolumbia
89%
50 4 800 000 Stany Zjednoczone
88%
100 1 300 000 Peru
87%
100 920 000 Wenezuela
86%
100 506 000 Hiszpania
85%
100 1 100 000 Boliwia
81%
100 277 000 Ekwador
77%
100 406 000 Paragwaj
77%
100 176 000 Urugwaj
76%
37 266 000 Maroko (Sahara Zachodnia)
64%
100 300 000 Filipiny
47%
Nie znaleziono quizów pasujących do podanych kryteriów
Rozkład punktacji
Procent ludzi z każdym wynikiem
Percentyl według liczby udzielonych odpowiedzi
Twoja historia wyników
Nie rozwiązałeś tego quizu